00322nam a2200133Ia 4500008004100000084001200041100001900053245003200072250002000104260000900124260000900133260001100142500003500153180424s9999 xx 000 0 und d aT21 R24 a"Ragunathan, " 0aBharathi: Kaalamum Karuthum a\\198600TAMGPSX aNCBH b1986 cMadras aincludes index and biblioraphy